[Event "Smartchess.com Int"]
[Site "New York USA"]
[Date "2001.06.04"]
[Round "1"]
[White "Ippolito,D"]
[Black "Bonin,J"]
[Result "0-1"]
[WhiteElo "2385"]
[BlackElo "2381"]
[EventDate "2001.06.04"]

1. d4 c5 2. d5 e5 3. e4 d6 4. Nc3 Be7 5. Bb5+ Nd7 6. a4 a6 7. Be2 Bg5 8.
Bxg5 Qxg5 9. Nf3 Qxg2 10. Rg1 Qh3 11. Rxg7 Qh6 12. Rg5 Nf8 13. Qd2 Ng6 14.
a5 Nf4 15. O-O-O Nf6 16. Rdg1 Bd7 17. Qe3 O-O-O 18. Kb1 Kb8 19. Rg7 Rhg8
20. Rxf7 Rxg1+ 21. Nxg1 Qg6 22. Rxf6 Qxf6 23. Bc4 Rg8 24. Nge2 Ng2 25. Qd3
Ne1 26. Qe3 Ng2 27. Qd3 Qxf2 28. Bxa6 Qf1+ 29. Ka2 Ne1 30. Qc4 Nxc2 31. Bb5
Rg2 32. Kb3 Nd4+ 33. Nxd4 Qxc4+ 34. Kxc4 cxd4 35. Bxd7 dxc3 36. Kxc3 Rxh2
37. b4 h5 38. Kd3 h4 39. Ke3 Rb2 0-1

[Event "Smartchess.com Int"]
[Site "New York USA"]
[Date "2001.06.04"]
[Round "1"]
[White "Sarkar,J"]
[Black "Shahade,G"]
[Result "1/2-1/2"]
[WhiteElo "2406"]
[BlackElo "2458"]
[EventDate "2001.06.04"]

1. d4 Nf6 2. Bg5 e6 3. e4 h6 4. Bxf6 Qxf6 5. c3 d6 6. Bd3 e5 7. Ne2 Qd8 8.
O-O g6 9. f4 Bg7 10. dxe5 dxe5 11. Bb5+ c6 12. Qxd8+ Kxd8 13. Bc4 Ke7 14.
f5 Rf8 15. Nd2 Nd7 16. fxg6 fxg6 17. Rxf8 Nxf8 18. Nf3 Bf6 19. Rd1 Ne6 20.
Nc1 b5 21. Bb3 Nc5 22. Nd3 Nxd3 1/2-1/2

[Event "Smartchess.com Int"]
[Site "New York USA"]
[Date "2001.06.05"]
[Round "2"]
[White "Bonin,J"]
[Black "Sarkar,J"]
[Result "1/2-1/2"]
[WhiteElo "2381"]
[BlackElo "2406"]
[EventDate "2001.06.04"]

1. d4 Nf6 2. c4 e6 3. Nf3 b6 4. g3 Bb7 5. Bg2 Be7 6. O-O O-O 7. Nc3 Ne4 8.
Nxe4 Bxe4 9. Ne1 Bxg2 10. Nxg2 d5 11. Qa4 Bf6 12. Rd1 Qd7 13. Qxd7 Nxd7 14.
cxd5 exd5 15. Nf4 c6 16. Be3 Rfd8 17. Rac1 Rac8 18. b4 b5 19. a4 bxa4 20.
Ra1 Nb6 21. Nd3 Re8 22. Nb2 Re4 23. Nxa4 Nc4 24. Nc3 Nxe3 25. Nxe4 Nxd1 26.
Nxf6+ gxf6 27. Rxd1 Rb8 28. Rc1 Rxb4 29. Rxc6 Rxd4 30. Rxf6 Re4 31. Kf1 Re6
32. Rf3 Kg7 33. Ra3 a6 34. Ra5 Rd6 35. e3 Kf6 36. Ke2 Ke5 37. Kd3 Rb6 38.
f4+ Kd6 39. g4 Rb3+ 40. Kd4 Rb4+ 41. Kc3 Rb6 42. e4 dxe4 43. Rh5 e3 44. Kd3
Ke7 45. Rxh7 Re6 46. Ke2 Re4 47. g5 Rxf4 48. Kxe3 Rg4 49. h4 Kf8 50. Kf3
Rb4 51. h5 Kg8 52. Rh6 Rb5 53. g6 fxg6 1/2-1/2

[Event "Smartchess.com Int"]
[Site "New York USA"]
[Date "2001.06.05"]
[Round "2"]
[White "Stripunsky,A"]
[Black "Ippolito,D"]
[Result "1/2-1/2"]
[WhiteElo "2497"]
[BlackElo "2385"]
[EventDate "2001.06.04"]

1. Nf3 d5 2. c4 c6 3. b3 Bg4 4. Bb2 Nd7 5. e3 e6 6. h3 Bh5 7. Be2 Ngf6 8.
Nc3 Bd6 9. d3 h6 10. O-O O-O 11. cxd5 exd5 12. Nh4 Bxe2 13. Nxe2 Re8 14.
Qc2 a5 15. Rad1 a4 16. Nf5 axb3 17. axb3 Bf8 18. e4 Qb6 19. Neg3 g6 20. Ne3
Bg7 21. Ra1 Qc5 22. Qb1 Qb4 1/2-1/2

[Event "Smartchess.com Int"]
[Site "New York USA"]
[Date "2001.06.06"]
[Round "3"]
[White "Novikov,I"]
[Black "Krush,I"]
[Result "1-0"]
[WhiteElo "2596"]
[BlackElo "2380"]
[EventDate "2001.06.04"]

1. d4 d5 2. c4 dxc4 3. Nf3 Nf6 4. e3 e6 5. Bxc4 c5 6. O-O a6 7. b3 b6 8.
Bb2 Bb7 9. Nbd2 Nbd7 10. Qe2 Be7 11. Rfd1 O-O 12. Bd3 Qb8 13. Nc4 Rd8 14.
Nfe5 cxd4 15. Bxd4 b5 16. Nxd7 Nxd7 17. Na5 Bf6 18. Nxb7 Qxb7 19. Qc2 Bxd4
20. Bxh7+ Kf8 21. Be4 Qc8 22. Qxc8 Raxc8 23. Rxd4 Nc5 24. Bf3 Rxd4 25. exd4
Nd3 26. Bb7 Rb8 27. Be4 Nf4 28. Kf1 Rd8 29. g3 Nd5 30. Bxd5 Rxd5 31. Rd1 e5
32. Ke2 exd4 33. Kd3 f5 34. Rc1 Rd6 35. Rc7 Kg8 36. Rc5 g6 37. Rc7 Kf8 38.
Rh7 Kg8 39. Rh4 Kf7 40. Rxd4 Rc6 41. Rd7+ Ke6 42. Ra7 Kd5 43. Rd7+ Kc5 44.
a3 a5 45. Rd4 Re6 46. b4+ axb4 47. axb4+ Kc6 48. h4 Re1 49. Kd2 Re8 50. f3
Re7 51. Rd3 f4 52. gxf4 Rf7 53. Ke3 Re7+ 54. Kf2 Rf7 55. Kg3 Rf5 56. Kg4
1-0

[Event "Smartchess.com Int"]
[Site "New York USA"]
[Date "2001.06.07"]
[Round "4"]
[White "Krush,I"]
[Black "Shahade,G"]
[Result "1-0"]
[WhiteElo "2380"]
[BlackElo "2458"]
[EventDate "2001.06.04"]

1. d4 Nf6 2. c4 e6 3. Nc3 Bb4 4. Qc2 O-O 5. a3 Bxc3+ 6. Qxc3 b6 7. Bg5 Bb7
8. e3 d6 9. Nf3 Nbd7 10. Nd2 c5 11. dxc5 bxc5 12. f3 Qb6 13. Bd3 d5 14. O-O
d4 15. exd4 cxd4 16. Qc2 a5 17. b4 axb4 18. axb4 Rxa1 19. Rxa1 Rc8 20. Qb1
h6 21. Bxf6 Nxf6 22. c5 Qc7 23. Nc4 Qf4 24. Qc1 Qxc1+ 25. Rxc1 Nd5 26. Nd6
Nxb4 27. Nxc8 Nxd3 28. c6 Bxc8 29. Ra1 Kh7 30. Ra8 Kg6 31. Rxc8 Nb4 32. Kf2
e5 1-0

[Event "Smartchess.com Int"]
[Site "New York USA"]
[Date "2001.06.07"]
[Round "4"]
[White "Bonin,J"]
[Black "Simutowe,A"]
[Result "1-0"]
[WhiteElo "2381"]
[BlackElo "2470"]
[EventDate "2001.06.04"]

1. d4 d5 2. c4 e6 3. Nf3 c6 4. Qc2 Nf6 5. Nbd2 Nbd7 6. g3 dxc4 7. Nxc4 c5
8. Bg2 cxd4 9. Nxd4 Nc5 10. Nb5 a6 11. Nc3 Nd5 12. O-O Nxc3 13. Qxc3 f6 14.
Be3 Bd7 15. Rfd1 Rc8 16. Rac1 b5 17. Nd6+ Bxd6 18. Rxd6 Na4 19. Qxc8 Qxc8
20. Rxc8+ Bxc8 21. Rc6 Bb7 22. Rc2 Bxg2 23. Kxg2 1-0

[Event "Smartchess.com Int"]
[Site "New York USA"]
[Date "2001.06.09"]
[Round "5"]
[White "Ippolito,D"]
[Black "Krush,I"]
[Result "1-0"]
[WhiteElo "2385"]
[BlackElo "2380"]
[EventDate "2001.06.04"]

1. d4 d5 2. Nf3 Nf6 3. c4 dxc4 4. Qa4+ c6 5. Qxc4 Bf5 6. Nc3 e6 7. g3 Nbd7
8. Bg2 Be7 9. O-O O-O 10. e3 Rc8 11. Qe2 b5 12. e4 Bg6 13. e5 Ne8 14. Be3
b4 15. Na4 Qa5 16. b3 Nc7 17. Nd2 Nd5 18. Rac1 Rfd8 19. h4 h6 20. Be4 Bxe4
21. Nxe4 f5 22. exf6 N5xf6 23. Nxf6+ Bxf6 24. Nc5 Nxc5 25. Rxc5 Qc7 26. Qc4
Qd7 27. Rc1 Kh8 28. Kg2 Qb7 29. Kg1 Rd6 30. Bf4 Rxd4 31. Qxe6 Rf8 32. Be3
Rdd8 33. Qxc6 Qf7 34. Qg2 Bc3 35. Rc4 Rfe8 36. Re4 a5 37. Bb6 Rd2 38. Rxe8+
Qxe8 39. Bxa5 Bd4 40. Rf1 Rxa2 41. Bxb4 Qb5 42. Bd6 Qxb3 43. Bf4 Qd3 44.
Qc6 Kh7 45. Kg2 Re2 46. Qd5 Qc3 47. g4 Qb2 48. Bg3 Be5 49. Qd3+ Kh8 50. Rb1
Qa2 51. Rc1 Qa8+ 52. Qf3 Qxf3+ 53. Kxf3 Bxg3 54. Kxe2 Bxh4 55. Rc6 Bf6 56.
Ke3 Bb2 57. Ke4 Kh7 58. Kf5 Bd4 59. f4 1-0

[Event "Smartchess.com Int"]
[Site "New York USA"]
[Date "2001.06.09"]
[Round "5"]
[White "Simutowe,A"]
[Black "Stripunsky,A"]
[Result "0-1"]
[WhiteElo "2470"]
[BlackElo "2497"]
[EventDate "2001.06.04"]

1. e4 c6 2. Nf3 d5 3. Nc3 dxe4 4. Nxe4 Nf6 5. Nxf6+ gxf6 6. d4 Bg4 7. Be2
Qc7 8. Be3 e6 9. Qd2 Nd7 10. O-O-O Rg8 11. Nh4 Bxe2 12. Qxe2 f5 13. Nxf5
Qa5 14. d5 cxd5 15. Kb1 Nb6 16. g3 O-O-O 17. Nd4 Nc4 18. Qh5 Rg6 19. Nb3
Qb5 20. Bc1 Bg7 21. f4 a5 22. f5 d4 23. g4 exf5 24. a4 Qxa4 25. Qxf5+ Kb8
26. Bg5 Rb6 27. Rd3 Re8 28. Qxf7 Bh8 29. Rf1 Qc6 30. Bf6 Bxf6 31. Rxf6 Re1+
32. Ka2 Qa4+ 0-1

[Event "Smartchess.com Int"]
[Site "New York USA"]
[Date "2001.06.09"]
[Round "5"]
[White "Shahade,G"]
[Black "Bonin,J"]
[Result "1-0"]
[WhiteElo "2458"]
[BlackElo "2381"]
[EventDate "2001.06.04"]

1. e4 c5 2. Nf3 Nc6 3. d4 cxd4 4. Nxd4 e5 5. Nb5 d6 6. N1c3 a6 7. Na3 Be6
8. Nc4 Rc8 9. Ne3 Nd4 10. g3 g6 11. Bg2 Bg7 12. O-O Ne7 13. Ne2 O-O 14. c3
Ndc6 15. Nd5 Bxd5 16. exd5 Nb8 17. Kh1 Nd7 18. Be3 Nf5 19. Bd2 Nc5 20. Nc1
b5 21. Qe2 Na4 22. Nd3 Ne7 23. Rac1 Nb6 24. Nb4 a5 25. Nc6 Nxc6 26. dxc6
Nc4 27. b3 Nxd2 28. Qxd2 Qb6 29. Qxd6 Rfd8 30. Qe7 Rd2 31. Rcd1 Rxa2 32. c7
Bf6 33. Qd6 Qxd6 34. Rxd6 Kg7 35. Rc6 Bg5 36. h4 Bd2 37. Rc5 b4 38. Bb7
Rxc7 39. Rxc7 bxc3 40. Be4 Rb2 41. Rb1 1-0

[Event "Smartchess.com Int"]
[Site "New York USA"]
[Date "2001.06.10"]
[Round "6"]
[White "Krush,I"]
[Black "Bonin,J"]
[Result "0-1"]
[WhiteElo "2380"]
[BlackElo "2381"]
[EventDate "2001.06.04"]

1. d4 Nf6 2. c4 d6 3. Nc3 e5 4. Nf3 Nbd7 5. e4 g6 6. Be2 Bg7 7. O-O O-O 8.
Be3 exd4 9. Nxd4 Re8 10. f3 c6 11. Qd2 a6 12. Kh1 d5 13. cxd5 cxd5 14. Bg5
dxe4 15. fxe4 Nc5 16. Bc4 Be6 17. Nxe6 Qxd2 18. Bxd2 fxe6 19. Rae1 b5 20.
Bb3 Nxb3 21. axb3 Nd7 22. Be3 Ne5 23. Rd1 Red8 24. Bb6 Rd3 25. Ba5 Rf8 26.
Rxf8+ Kxf8 27. Bb4+ Ke8 28. g3 Rxd1+ 29. Nxd1 Nd3 30. Bc3 Bxc3 31. bxc3 a5
32. Kg2 Nc1 33. Ne3 Nxb3 0-1

[Event "Smartchess.com Int"]
[Site "New York USA"]
[Date "2001.06.10"]
[Round "6"]
[White "Stripunsky,A"]
[Black "Shahade,G"]
[Result "1/2-1/2"]
[WhiteElo "2497"]
[BlackElo "2458"]
[EventDate "2001.06.04"]

1. e4 c5 2. c3 Nf6 3. e5 Nd5 4. g3 d6 5. exd6 e6 6. Bg2 Bxd6 7. Ne2 Nc6 8.
O-O O-O 9. d4 cxd4 10. Nxd4 Nxd4 11. Qxd4 Qc7 12. c4 Nb6 13. Nd2 Rd8 14.
Qg4 Bb4 15. Ne4 f5 16. Nf6+ Kh8 17. Qh4 gxf6 18. Qxf6+ Kg8 19. Qg5+ Kf8 20.
Qf6+ Kg8 21. Qg5+ Kf8 22. Bf4 Qe7 23. Qh5 Kg8 24. Bg5 Qe8 25. Qh4 Rd7 26.
Rad1 Bf8 27. Bf3 Bg7 28. Rfe1 Qf8 29. Rxd7 Nxd7 30. Be7 Bf6 31. Bxf8 Bxh4
32. Bh6 Be7 33. Rxe6 Kf7 34. Re2 Nf6 35. Bf4 a5 36. h3 a4 37. Kg2 a3 38.
bxa3 Rxa3 39. Rb2 Ne4 40. g4 Nc5 41. Bd5+ Be6 42. Rb5 Bxd5+ 43. cxd5 Nd3
44. Bc7 Rxa2 45. d6 Rxf2+ 46. Kg1 fxg4 47. dxe7 gxh3 48. Bd6 Rg2+ 49. Kf1
1/2-1/2

[Event "Smartchess.com Int"]
[Site "New York USA"]
[Date "2001.06.10"]
[Round "6"]
[White "Ippolito,D"]
[Black "Sarkar,J"]
[Result "1/2-1/2"]
[WhiteElo "2385"]
[BlackElo "2406"]
[EventDate "2001.06.04"]

1. d4 d5 2. c4 c6 3. Nc3 dxc4 4. e4 e5 5. dxe5 Qxd1+ 6. Nxd1 b5 7. a4 Nd7
8. axb5 cxb5 9. Nc3 Bb4 10. Bd2 Bxc3 11. Bxc3 Nc5 12. Bd4 Nb3 13. Rxa7 Rxa7
14. Bxa7 Ne7 15. Nf3 Bb7 16. Nd2 Nxd2 17. Kxd2 Bxe4 18. b3 Nc6 19. Bc5 Nxe5
20. bxc4 bxc4 21. Bd4 1/2-1/2

[Event "Smartchess.com Int"]
[Site "New York USA"]
[Date "2001.06.11"]
[Round "7"]
[White "Sarkar,J"]
[Black "Krush,I"]
[Result "0-1"]
[WhiteElo "2406"]
[BlackElo "2380"]
[EventDate "2001.06.04"]

1. e4 c5 2. Nf3 d6 3. Bc4 Nf6 4. d3 e6 5. O-O Be7 6. c3 d5 7. Bb5+ Bd7 8.
Bxd7+ Nbxd7 9. e5 Ng4 10. d4 h5 11. h3 Nh6 12. c4 Nb6 13. cxd5 Nxd5 14.
dxc5 Nf5 15. Nd4 Nxd4 16. Qxd4 Qa5 17. c6 bxc6 18. Nd2 O-O 19. Nc4 Qb5 20.
b3 Rfd8 21. Qe4 Nb6 22. Be3 Nxc4 23. bxc4 Qa4 24. g4 h4 25. f4 Qa3 26. Rf3
Bc5 27. Kh1 Bxe3 28. Rxe3 Qb2 29. Rae1 Rd2 30. R1e2 Rad8 31. f5 R8d4 32.
Qg2 Rxe2 33. Rxe2 Qc1+ 0-1

[Event "Smartchess.com Int"]
[Site "New York USA"]
[Date "2001.06.11"]
[Round "7"]
[White "Bonin,J"]
[Black "Stripunsky,A"]
[Result "0-1"]
[WhiteElo "2381"]
[BlackElo "2497"]
[EventDate "2001.06.04"]

1. d4 d5 2. Bg5 c6 3. c3 Bf5 4. Qb3 Qb6 5. Nd2 e6 6. f3 Be7 7. Bxe7 Nxe7 8.
e4 Bg6 9. Ne2 Nd7 10. Nf4 Qc7 11. g3 O-O 12. Bh3 e5 13. Nxg6 Nxg6 14. O-O
Nb6 15. a4 a5 16. Bf5 Rad8 17. Bxg6 hxg6 18. dxe5 Nd7 19. f4 Nc5 20. Qc2
dxe4 21. Nc4 Rfe8 22. Rae1 b5 23. axb5 cxb5 24. Nd6 Rxd6 25. exd6 Qxd6 26.
f5 gxf5 27. Rxf5 g6 28. Rf4 f5 29. Rff1 a4 30. Qf2 Nd3 31. Rd1 Re5 32. Qe3
Qc5 33. Qxc5 Rxc5 34. Rd2 Kf7 35. Rfd1 Ke6 36. h4 Kd5 37. Rxd3+ exd3 38.
Rxd3+ Kc6 39. Rd8 Rd5 40. Rg8 Rd6 41. Kf2 Rd2+ 42. Ke3 Rxb2 43. Kd3 Kc5 44.
Rxg6 a3 45. Rf6 Rf2 46. Ke3 a2 47. Ra6 Rc2 48. Kf4 Kc4 49. Ra3 b4 50. cxb4
Kxb4 51. Rxa2 Rxa2 52. Kxf5 Kc5 53. h5 Kd6 54. Kf6 Rf2+ 55. Kg7 Ke7 56. h6
Rf7+ 57. Kg6 Rf3 58. g4 Kf8 59. Kh7 Kf7 60. g5 Rg3 61. Kh8 Rxg5 0-1

[Event "Smartchess.com Int"]
[Site "New York USA"]
[Date "2001.06.13"]
[Round "9"]
[White "Shahade,G"]
[Black "Ippolito,D"]
[Result "1/2-1/2"]
[WhiteElo "2458"]
[BlackElo "2385"]
[EventDate "2001.06.04"]

1. e4 c5 2. Nf3 d6 3. d4 cxd4 4. Nxd4 Nf6 5. Nc3 a6 6. Bg5 e6 7. f4 Qb6 8.
Qd2 Qxb2 9. Rb1 Qa3 10. Bxf6 gxf6 11. Be2 Nc6 12. Nxc6 bxc6 13. O-O Qa5 14.
Kh1 1/2-1/2